Analýza spôsobilosti výrobného procesu indexami spôsobilosti procesu prvej, druhej a tretej generácie

Štatistické riadenie kvality výrobného procesu. Americký prístup a japonská škola pri konštrukcii indexov spôsobilosti výrobného procesu. Indexy spôsobilosti procesu. Zovšeobecnený index spôsobilosti procesu.

Gespeichert in:
Bibliographische Detailangaben
1. Verfasser: Hrnčiarová, Ľubica
Weitere Verfasser: Terek, Milan
Format: Buchkapitel
Sprache:Slowakisch
Schlagworte:
Tags: Tag hinzufügen
Keine Tags, Fügen Sie das erste Tag hinzu!

MARC

LEADER 00000naa a2200000 4500
001 r046906
005 20230906073729.6
041 0 |a slo 
044 |a SK 
245 1 0 |a Analýza spôsobilosti výrobného procesu indexami spôsobilosti procesu prvej, druhej a tretej generácie  |c Ľubica Hrnčiarová, Milan Terek 
520 |a Štatistické riadenie kvality výrobného procesu. Americký prístup a japonská škola pri konštrukcii indexov spôsobilosti výrobného procesu. Indexy spôsobilosti procesu. Zovšeobecnený index spôsobilosti procesu. 
610 2 0 |a indexy 
610 2 0 |a proces výrobný 
610 2 0 |a analýza procesov výrobných 
610 2 0 |a analýza štatistická 
610 2 0 |a riadenie kvality 
100 1 |a Hrnčiarová, Ľubica 
700 1 |a Terek, Milan